Tribhuvan University Central Library

Communication strategies in evaluation / (Record no. 47663)

MARC details
000 -LEADER
fixed length control field 00629 a2200217 4500
020 ## - INTERNATIONAL STANDARD BOOK NUMBER
International Standard Book Number 0-9-8039-1821-6
041 ## - LANGUAGE CODE
Language code of text/sound track or separate title Eng
082 ## - DEWEY DECIMAL CLASSIFICATION NUMBER
Classification number 001.433
Item number Sm62c
100 ## - MAIN ENTRY--PERSONAL NAME
Personal name Smith, Nick L., ed.
9 (RLIN) 1348
245 ## - TITLE STATEMENT
Title Communication strategies in evaluation /
260 ## - PUBLICATION, DISTRIBUTION, ETC.
Place of publication, distribution, etc. London :
Name of publisher, distributor, etc. Sage Publications,
Date of publication, distribution, etc. c1982.
300 ## - PHYSICAL DESCRIPTION
Extent 304 p. ; illus.
440 ## - SERIES STATEMENT/ADDED ENTRY--TITLE
Title New perspectives in evolution
Number of part/section of a work v.3
9 (RLIN) 1349
504 ## - BIBLIOGRAPHY, ETC. NOTE
Bibliography, etc. note Includes bibliography
650 ## - SUBJECT ADDED ENTRY--TOPICAL TERM
Topical term or geographic name entry element Evaluation
9 (RLIN) 227
650 ## - SUBJECT ADDED ENTRY--TOPICAL TERM
Topical term or geographic name entry element Addresses, essays, lectures
9 (RLIN) 1350
650 ## - SUBJECT ADDED ENTRY--TOPICAL TERM
Topical term or geographic name entry element Communication methodology
9 (RLIN) 1351
653 ## - INDEX TERM--UNCONTROLLED
Uncontrolled term Communication
942 ## - ADDED ENTRY ELEMENTS (KOHA)
Source of classification or shelving scheme Dewey Decimal Classification
Koha item type General Collections
518 ## - DATE/TIME AND PLACE OF AN EVENT NOTE
-- 2010-11-27
Holdings
Withdrawn status Lost status Source of classification or shelving scheme Damaged status Not for loan Home library Current library Date acquired Total Checkouts Full call number Barcode Date last seen Date last checked out Copy number Price effective from Koha item type
    Dewey Decimal Classification     Tribhuvan University Central Library Tribhuvan University Central Library 11/27/2010 1 001.433 Sm62c 87273 07/20/2017 05/18/2017 1 11/27/2010 General Collections